| 000 | 00485nam a22001697a 4500 | ||
|---|---|---|---|
| 999 |
_c11281 _d11281 |
||
| 003 | AR-CdUCM | ||
| 008 | 190403b ||||| |||| 00| 0 spa d | ||
| 040 |
_aMUNICIPALIDAD PROVINCIAL DEL CUSCO _cBIBLIOTECA MUNICIPAL DEL CUSCO |
||
| 082 |
_a895.1018 / _bM24 |
||
| 100 |
_aMao Tse-Tung _915457 |
||
| 245 | _aTreinta y siete poemas / | ||
| 260 |
_aLima : _bGonzales, _c1976. |
||
| 300 |
_a49 páginas ; _c19 cm. |
||
| 650 |
_aPoesía peruana _9806 |
||
| 942 |
_2ddc _cLIBROS |
||
| 945 | _awfj | ||